Paroles La nouvelleOrléans (fin)- La princesse et la grenouille Disney - Statistiques

Statistiques générales
  • Ce quiz a été pris 7 fois
  • Le résultat moyen est 51 sur 79
Statistiques - réponses
Chanteur Paroles % Correct
la
100%
la
100%
la
100%
Ce
86%
cette
86%
cette
86%
le
86%
Nouvelle
86%
à
71%
à
71%
a
71%
A
71%
au
71%
au
71%
au
71%
De
71%
Du
71%
du
71%
es
71%
Et
71%
et
71%
les
71%
les
71%
les
71%
les
71%
ma
71%
matin,
71%
matin
71%
Mississippi
71%
Orléans
71%
roi...
71%
soir
71%
soir
71%
tous
71%
Tout
71%
Tiana Tu
71%
ville
71%
d'espoir
57%
droits
57%
enchantée
57%
est
57%
femmes
57%
fin
57%
font
57%
hommes
57%
jolies
57%
leurs
57%
loi
57%
main
57%
musique
57%
musique
57%
nous,
57%
nouveau
57%
on
57%
On
57%
on
57%
ont
57%
57%
57%
permis,
57%
pieds
57%
Prends
57%
Qu'elles
57%
qui
57%
rempli
57%
résonne
57%
sans
57%
se
57%
sent
57%
sont
57%
sont
57%
tellement
57%
toutes
57%
emmène
43%
entend
43%
loin
43%
moi
43%
quand
43%
rêves
29%
Aucun quiz correspondant
Distribution des résultats
% des personnes avec chaque résultat
Percentile par nombre de réponses
Votre historique - résultats
Vous n’avez pas pris ce quiz